The Atri Europaei Sehender Theil

Bibliographic Details
Format: Book
Language:English
PhysicalDescription:620 s.
Published: Franckfurt Johann Görlin und Joh. Bauer 1703

MARC

LEADER 00000nam a2200000 a 4500
001 vtls009297759
003 SK-MaSNL
005 20260224032948.0
008 080527 000 0 eng
040 |a SNK  |b slo  |c SNK  |e AACR2 
245 1 4 |a The Atri Europaei  |n Sehender Theil 
260 |a Franckfurt  |b Johann Görlin und Joh. Bauer  |c 1703 
300 |a 620 s. 
999 |c 828859  |d 830789 
952 |a SNK  |b SNK  |y PREZ  |7 0  |p 17A0791223  |o snkSB 38195/10  |0 0  |1 0  |4 0  |d 2012-05-14  |l 0  |r 2025-04-22 00:00:00  |w 2026-02-24 
952 |a SNK  |b SNK  |y PREZ  |7 0  |p 17X09297759002  |o snkSB 38195/10 D1  |i snkF 2909/89  |8 5  |3 rekatalogizácia  |0 0  |1 0  |4 0  |d 2008-05-27  |l 0  |r 2026-02-24 03:29:48  |w 2026-02-24